000 00621nam a22002057a 4500
005 20240220172319.0
010 _aENG-139392
020 _a9789391028725
_c499.00
035 _aEN-122924
037 _bDBAD/PUB
082 _a345.1
_21
100 _aSudarshan, V.
_962312
245 _aDead End:
_bThe Minister , The CBI and The Murder That Wasn't/
_cBy V Sudarshan
250 _a1
260 _aGurugram
_bHachette India
_c2022
270 _bGurugram
_a4th & 5th Floor, Corporate Centre, Plot no-94,Sector-44
_e122003
300 _a187p.
_b20cm(pbk)
500 _a
942 _2ddc
_cEN
_h345.1
_mSUD
999 _c200938
_d200938